Tu puedes tenerlo todo : (Registro nro. 10354)
[ vista simple ]
| 000 -LIDER | |
|---|---|
| fixed length control field | 00641nam a22002177a 4500 |
| 003 - IDENTIFICACDOR DE NÚMERO DE CONTROL | |
| control field | DO-SdBNP |
| 005 - DATE AND TIME OF LATEST TRANSACTION | |
| control field | 20180202153153.0 |
| 008 - ELEMENTOS DE LONGITUD FIJA | |
| fixed length control field | 160610b ve 1985||||| |||| 00| 0 spa d |
| 020 ## - ISBN | |
| International Standard Book Number | 97898061145448 |
| 040 ## - FUENTE DE CATALOGACIÓN | |
| Agencia que crea de manera original el registro | BPMSU |
| Idioma de catalogación | spa |
| Agencia que realiza la transcripción | BPMSU |
| 082 #4 - NÚMERO DE CLASIFICACIÓN DECIMAL DE DEWEY | |
| Classification number | xxxxxx |
| Item number | xxxxxxx |
| 100 1# - ASIENTO PRINCIPAL -- NOMBRE PERSONAL | |
| Nombre personal | Geigel, Muñeca |
| 245 1# - MENCIÓN DE TITULO | |
| Título | Tu puedes tenerlo todo : |
| Subtítulo | sistema de automejoramiento / |
| Mención de responsabilidad | Muñeca Geigel |
| 260 ## - PUBLICACIÓN, DISTRIBUCIÓN, ETC. (PIE DE IMPRENTA) | |
| Lugar de publicación, distribución, etc | Venezuela : |
| Nombre del editor, distribuidor, etc. | Torino, |
| Fecha de publicación, distribución, etc | 1985. |
| 300 ## - DESCRIPCIÓN FÍSICA | |
| Extensión | 70 p. ; |
| Dimensiones | 21 cm. |
| 490 1# - MENCIÓN DE SERIES | |
| Mención de serie | El arte de ser feliz |
| 830 #0 - ASIENTO SECUNDARIO DE SERIE--TÍTULO UNIFORME | |
| Título uniforme | El arte de ser feliz |
| 942 ## - ADDED ENTRY ELEMENTS (KOHA) | |
| Source of classification or shelving scheme | Dewey Decimal Classification |
| Koha item type | Libros |
| 945 ## - INFORMACIÓN DE PROCESAMIENTO LOCAL | |
| Información de procesamiento local | Inventariado, 2018 / BT |
| 956 ## - LOCAL ELECTRONIC LOCATION AND ACCESS (OCLC) | |
| Nombre de host | BTAVÄREZ |
| Número de acceso | 10 |
| Trayectoria | 20160601 |
| Nombre Electrónico | BPMSU |
| Procesador de solicitud | 0038 |
| Withdrawn status | Lost status | Source of classification or shelving scheme | Damaged status | Not for loan | Collection code | Home library | Current library | Date acquired | Source of acquisition | Total Checkouts | Barcode | Date last seen | Price effective from | Koha item type |
|---|---|---|---|---|---|---|---|---|---|---|---|---|---|---|
| Dewey Decimal Classification | Colección Juvenil General | Biblioteca Pública Metropolitana Salomé Ureña | Biblioteca Pública Metropolitana Salomé Ureña | 06/10/2016 | BNPHU | BPMSU16060150 | 06/10/2016 | 06/10/2016 | Libros |